| 000 | 00822nam a2200241 i 4500 | ||
|---|---|---|---|
| 001 | bg | ||
| 100 | 1 | _aAndrzejewski, Jerzy. | |
| 245 | 1 | 0 |
_aGeodezja dla pomiarowych oraz zagadnienia bezpieczeństwa i higieny pracy : _bmateriały do szkolenia / _c[oprac. przez zespół w składzie Jerzy Andrzejewski, Jerzy Kostecki ; Państwowe Przedsiębiorstwo Geodezyjno-Kartograficzne]. |
| 260 |
_aWarszawa : _bPaństwowe Przedsiębiorstwo Geodezyjno-Kartograficzne, _c1981. |
||
| 300 |
_a336 s. : _bil. ; _c21 cm. |
||
| 504 | _aBibliogr. s. 333-336. | ||
| 650 | 4 | _aGeodezja | |
| 650 | 4 |
_aGeodezja _xbhp |
|
| 650 | 4 | _aPodręczniki | |
| 700 | 1 | _aKostecki, Jerzy. | |
| 040 | _cBPK | ||
| 041 | 0 | _apol | |
| 044 | _aPOL | ||
| 080 | _a528.331.82 | ||
| 080 | _a(07) | ||
| 942 | _cKS | ||
| 008 | 110216s1981 pl |000 0 pol | ||
| 999 |
_c49691 _d49691 |
||
| 856 |
_uhttp://koha.tu.koszalin.pl/cgi-bin/koha/opac-detail.pl?biblionumber=49691 _yKatalog online BPK |
||